000 00453nam a2200145Ia 4500
008 100204s9999 xx 000 0 und d
082 _b8235
100 _aवाळिंबे शरदचंद्र्र
245 _aअजिंैक्य
260 _b"उदयदीप प्रकाशन , मुंबई"
_c1985
300 _a118
630 _aअजिंैक्य
730 _aअजिंैक्य
942 _cBOOK
999 _c452671
_d452668